| 000 | 01025amm a2200289 4500 | ||
|---|---|---|---|
| 008 | 171022s2017 o cat d | ||
| 041 | _acat | ||
| 041 | _bspa | ||
| 041 | _beng | ||
| 080 | _a33(038) | ||
| 110 |
_aUniversitat de Barcelona. Facultat de Ciències Econòmiques i Empresarials. Comissió de Normalització Lingüística _966250 |
||
| 245 |
_aVocabulari d'economia i empresa _h[en línia] _cComissió de Dinamització Lingüística de la Facultat d’Economia i Empresa. Universitat de Barcelona |
||
| 250 | _a2a ed. | ||
| 260 |
_aBarcelona _bUniversitat de Barcelona. Serveis Lingüístics _c2017 |
||
| 500 | _aSinònims, categoria gramatical, sigles, acrònims | ||
| 520 | _a1086 | ||
| 592 | _aObra terminològica | ||
| 593 | _aNA | ||
| 593 | _aNL | ||
| 650 |
_aeconomia _961454 |
||
| 650 | 0 |
_aempresa _961780 |
|
| 856 | _uhttps://www.ub.edu/ubterm/obra/economia-i-empresa/ | ||
| 901 | _c<2017> | ||
| 902 | _a171022 | ||
| 942 |
_cMO _n0 _2ddc |
||
| 999 |
_c68443 _d68443 |
||